| 000 | 00715nac a22002051u 4500 | ||
|---|---|---|---|
| 082 |
_a297.1226 _bRED |
||
| 090 |
_c5447 _d5447 |
||
| 100 | _aReda, Mohamed Rashed. | ||
| 245 |
_aTafseer Al Manar : ( vol.11,12) _bTafseer Al Quraan Al Hakeem Al Mosama / _cMohamd Abdo and Mohamed Rashed Reda _n11,12 |
||
| 260 |
_aCairo : _bAl Hayaa Al MIsreya Al Ama Lel Ketab,1975. _cc1975. |
||
| 300 |
_a2 v.; Various p.; _c24 cm. |
||
| 500 | _aIncludes index. | ||
| 500 | _aArabic Books | ||
| 500 | _a Distributer :Alef Baa | ||
| 511 | _aCatalogued by: Sara | ||
| 650 | _aTafseer Al Manar- Sharh. | ||
| 650 | _aAl Quraan- Tafseer. | ||
| 700 | _aAbdo, Mohamd | ||
| 942 |
_cNB _k297.1226 RED |
||
| 999 |
_c5447 _d5447 |
||